000 00282nam a22001337a 4500
008 171027b xxu||||| |||| 00| 0 eng d
020 _a9780471216599
041 _aeng
080 _a336
100 _a56
101 _aFIN
245 _aREAL OPTIONS
_cMOORE, W.T
942 _2udc
_cBK
999 _c36242
_d36242